000
00321nam a2200145Ia 4500
008
230312s9999||||xx |||||||||||||| ||und||
020
_a
93-325-1909-1
082
_a
515
_b
THO-C
100
_a
Thomes;George
245
0
_a
Calculus
260
_b
Dorling
_a
India
_c
2014
300
_a
1108
650
_a
Economics
942
_c
BK
999
_c
1645
_d
1645